[Event "It (Open) Krakow POL"]
[Site "?"]
[Date "2006.05.02"]
[Round "5.3"]
[White "Tomsia Kamil"]
[Black "Szromba Krzysztof"]
[Result "0-1"]
[WhiteElo "2011"]
[BlackElo "2222"]
[PlyCount "50"]
[EventDate "2006.??.??"]
[Source "www.chesslib.no"]
[SourceDate "2004.05.04"]

1. d4 f5 2. h3 Nf6 3. g4 d5 4. Qd3 e6 5. Nc3 Nc6 6. Nf3 Nb4 7. Qd1 Ne4 8. Bf4 Bd6 9. Bxd6 Qxd6 10. a3 Nxc3 11. bxc3 Nc6 12. e3 a6 13. c4 fxg4 14. hxg4 e5 15. c5 Qe7 16. Nh4 exd4 17. Bg2 Qxc5 18. Ng6 Rg8 19. Rxh7 Be6 20. Nf4 Bf7 21. g5 O-O-O 22. Bh3+ Kb8 23. g6 Bxg6 24. Nxg6 dxe3 25. Ne5 Nxe5 0-1

[Event "Aschach Open"]
[Site "Aschach AUT"]
[Date "1994.??.??"]
[Round "?"]
[White "Hainzinger, Johann"]
[Black "Moser, Guenter"]
[Result "0-1"]
[WhiteElo "1940"]
[BlackElo "2280"]
[PlyCount "40"]
[EventDate "1994.??.??"]
[Source "www.chesslib.no"]
[SourceDate "2004.05.04"]

1. d4 f5 2. h3 d5 3. Nf3 Nf6 4. Bf4 c5 5. e3 Nc6 6. Nbd2 Qb6 7. dxc5 Qxb2 8. Nb3 e5 9. Bh2 Bxc5 10. Nxc5 Qc3+ 11. Ke2 Qxc5 12. Nxe5 Ne4 13. Kf3 O-O 14. Nxc6 bxc6 15. c4 Ng5+ 16. Kg3 f4+ 17. exf4 Ne4+ 18. Kh4 Qe7+ 19. Kh5 g6+ 20. Kh6 Qh4+ 0-1

[Event "Politiken Cup"]
[Site "Helsingor DAN"]
[Date "2008.07.25"]
[Round "8"]
[White "Rabus, B."]
[Black "Sondergaard, T."]
[Result "1-0"]
[WhiteElo "2198"]
[BlackElo "1998"]
[PlyCount "67"]
[EventDate "2008.07.19"]
[Source "www.chesslib.no"]
[SourceDate "2004.05.04"]

1. d4 f5 2. h3 Nf6 3. g4 fxg4 4. hxg4 Nxg4 5. Qd3 Nh6 6. Bxh6 gxh6 7. Qf5 d6 8. Qh5+ Kd7 9. Nc3 c6 10. O-O-O Kc7 11. Nf3 Bg7 12. Rg1 Qf8 13. e4 Be6 14. e5 Nd7 15. Be2 dxe5 16. dxe5 Rd8 17. Kb1 Nc5 18. Rxd8 Kxd8 19. Qh4 Kc8 20. Qd4 b6 21. b4 Nd7 22. Qe4 Nb8 23. Nd4 Bd7 24. Bg4 Rg8 25. Nxc6 Bxg4 26. Qxg4+ Kb7 27. Nxb8 Kxb8 28. Qe6 Qc8 29. Qxc8+ Kxc8 30. Nd5 Kd7 31. f4 Ke6 32. c4 Kf7 33. Kc2 Bf8 34. e6+ 1-0

[Event "Uebach op g/45"]
[Site "?"]
[Date "1996.??.??"]
[Round "1"]
[White "Vandevoort Pascal"]
[Black "Faika Michael"]
[Result "1-0"]
[WhiteElo "2340"]
[BlackElo "1845"]
[PlyCount "71"]
[EventDate "1996.??.??"]
[Source "www.chesslib.no"]
[SourceDate "2004.05.04"]

1. d4 f5 2. h3 Nf6 3. g4 fxg4 4. hxg4 Nxg4 5. e4 d6 6. Nf3 g6 7. Nc3 Bg7 8. Ng5 h6 9. Nh3 Nc6 10. d5 Nce5 11. f3 Nf6 12. Nf2 c6 13. Be2 cxd5 14. f4 Nf7 15. exd5 Qa5 16. Bc4 Bf5 17. Bd2 Qb6 18. Qe2 Bxc2 19. Bb5+ Nd7 20. Be3 Bd4 21. Bxd4 Qxd4 22. Qxc2 Qxf4 23. Ne2 Qb4+ 24. Nc3 Nfe5 25. Bxd7+ Kxd7 26. O-O-O Rac8 27. Nd3 Nxd3+ 28. Rxd3 Qg4 29. Re1 b5 30. Kb1 Rc5 31. Rde3 e5 32. dxe6+ Ke7 33. Qd3 Qf5 34. Ne4 Rd5 35. Qc2 Re8 36. R3e2 1-0

[Event "Serpukhov (Russia)"]
[Site "?"]
[Date "2004.09.03"]
[Round "12"]
[White "Prokhorov Sergey An"]
[Black "Konenkin Dmitry"]
[Result "0-1"]
[WhiteElo "2046"]
[BlackElo "2133"]
[PlyCount "64"]
[EventDate "2004.??.??"]
[Source "www.chesslib.no"]
[SourceDate "2004.05.04"]

1. d4 f5 2. h3 d5 3. g3 Nf6 4. Bg2 e6 5. Nf3 Bd6 6. c4 c6 7. b3 O-O 8. Bb2 Ne4 9. Ne5 Qa5+ 10. Kf1 Bxe5 11. dxe5 dxc4 12. Bxe4 fxe4 13. bxc4 Qb6 14. Qd4 c5 15. Qc3 Nc6 16. Kg2 Nd4 17. e3 Nf3 18. Nd2 Bd7 19. Nxf3 Rxf3 20. Rad1 Raf8 21. Rhf1 Bc6 22. Rd6 Qc7 23. Qd2 Be8 24. Rxe6 Bf7 25. Qd5 Bxe6 26. Qxe6+ Qf7 27. Qd5 Kh8 28. Qxf7 R3xf7 29. Bc3 h6 30. h4 h5 31. a3 Kh7 32. Rd1 Rxf2+ 0-1

[Event "Arco"]
[Site "?"]
[Date "2003.10.23"]
[Round "6"]
[White "Tocco Paolo"]
[Black "Bondielli Giorgio"]
[Result "0-1"]
[WhiteElo "2156"]
[BlackElo "2019"]
[PlyCount "72"]
[EventDate "2003.??.??"]
[Source "www.chesslib.no"]
[SourceDate "2004.05.04"]

1. d4 f5 2. h3 d6 3. g4 Nc6 4. Bg2 d5 5. Qd3 e6 6. a3 Nf6 7. Nc3 Bd6 8. gxf5 Qe7 9. Bg5 O-O 10. fxe6 Bxe6 11. Nxd5 Bxd5 12. Bxd5+ Kh8 13. Nf3 Qd7 14. Ba2 Rae8 15. O-O-O Ne4 16. Be3 Qe7 17. Rhg1 a6 18. Rg2 b5 19. Rdg1 g6 20. Rg4 Na5 21. Ne5 Nxf2 22. Bxf2 Bxe5 23. Bh4 Bf6 24. Bxf6+ Rxf6 25. e4 Nc6 26. e5 Rf2 27. h4 Rd8 28. Qe3 Rf5 29. Qh6 Nxd4 30. Rxd4 Rxd4 31. h5 g5 32. Qxa6 Rxe5 33. b4 Re1+ 34. Rxe1 Qxe1+ 35. Kb2 Qe5 36. c3 Rd2+ 0-1